Restrukturalizace tradičních průmyslových regionů v tranzitivních ekonomikách

Gespeichert in:
Bibliographische Detailangaben
1. Verfasser: Sucháček, Jan
Körperschaft: Vysoká škola báňská - Technická univerzita Ostrava. Ekonomická fakulta
Format: Buch
Sprache:Tschechisch
Veröffentlicht: Ostrava VŠB - Technická univerzita Ostrava 2005
Schlagworte:
Tags: Tag hinzufügen
Keine Tags, Fügen Sie das erste Tag hinzu!

MARC

LEADER 00000nam$a2200000$$$4500
001 0036105
005 20221129082931.3
020 |a 80-248-0865-X 
041 0 |a cze 
044 |a CZ 
245 1 0 |a Restrukturalizace tradičních průmyslových regionů v tranzitivních ekonomikách  |c Jan Sucháček 
264 1 |a Ostrava  |b VŠB - Technická univerzita Ostrava  |c 2005 
300 |a 221 s. 
610 2 0 |a regióny 
610 2 0 |a rozvoj regionálny 
610 2 0 |a krajiny tranzitívne 
610 2 0 |a regióny priemyselné 
610 2 0 |a reštrukturalizácia 
610 2 0 |a koncepcie 
610 2 0 |a teórie rozvoja regionálneho 
610 2 0 |a programy rozvojové 
610 2 0 |a zmeny štruktúrne 
610 2 0 |a ukazovatele 
610 2 0 |a politika regionálna 
610 2 0 |a stredná Európa 
100 1 |a Sucháček, Jan 
710 2 |a Vysoká škola báňská - Technická univerzita Ostrava. Ekonomická fakulta